| 000 | 00914nas a2200313 4500 | ||
|---|---|---|---|
| 001 | BR9503950 | ||
| 003 | BR-BrBNA | ||
| 005 | 20231205094103.0 | ||
| 007 | ta | ||
| 008 | 230509b bl.|||p| |||| 00| 00por d | ||
| 040 |
_aBR-BrBNA _bpor _cBiblioteca Nacional de Agricultura |
||
| 041 | _a(Pt) | ||
| 072 | _aF04; P33 | ||
| 100 | 1 | _aLeite, J. de O. | |
| 245 | 1 | _aVariacao das concentracoes de P, K, Ca e Mg nas aguas fluvias do agrossistema Cacaueiro Almada, Bahia | |
| 650 | _aCacau | ||
| 650 | _aAguas Pluviais | ||
| 650 | _aConcentrado | ||
| 650 | _aFosforo | ||
| 650 | _aPotassio | ||
| 650 | _aCalcio | ||
| 650 | _aMagnesio | ||
| 650 | _aEcossistema | ||
| 650 | _aRio Almada | ||
| 650 | _aBahia | ||
| 773 | 0 |
_tRevista Brasileira de Ciencia do Solo (Brazil) _xISSN 0100-0683 _g(Sep-Dec 1994), v. 18(3) p. 483-490 _wBR9503950 |
|
| 909 |
_a202311 _bLúcia _c55 _dLúcia Elande |
||
| 942 |
_2AGRIS _n0 _cANA |
||
| 999 |
_c141999 _d141999 |
||